000 00829nam a2200217 a 4500
003 EG-GiCUC
008 190606s1978 su ab g 000 0 ara d
040 _aEG-GiCUC
_bara
_cEG-GiCUC
092 0 4 _a909.07
_bG4279
_221
099 _a04
_a909.07 G4279
100 1 _aغنيم : اسمت
245 1 2 _aالحملة الصليبية الرابعة :
_bو مسئولية انحرافها ضد القسطنطينية /
_cتأليف اسمت غنيم
260 _aجدة :
_bدار المجمع العلمى :
_c1978
300 _a127ص :
_b؛ ايض : خرائط
_c24سم
650 7 _aالحروب الصليبية
_2qrmak
902 _a1
905 _aاميرة
_eمدخل
905 _aرضا
_eمراجع
942 _2ddc
_cBK
999 _c154290
_d154290